000 00682nam a2200205Ii 4500
003 JO-AjNU
008 230605s9999||||xx |||||||||||||| ||und||
040 _aJO-AjNU
_bara
_erda
_cJO-AjNU
041 _aara
050 1 4 _aBP144.R37 1997
100 3 _aسلام، رشاد,
_eauthor
_935421
245 0 0 _aتطبيق الشريعة بين القبول والرفض
250 _aط1
264 3 1 _aالقاهرة، بيروت: سينا للنشر، مؤسسة الانتشار العربي، 1997
300 _a314ص
336 _atext
_btxt
_2rdacontent
337 _aunmediated
_bn
_2rdamedia
338 _avolume
_bnc
_2rdacarrier
650 4 _aالفقه الاسلامي
_935422
999 _aA14623
_c18191
_d18191